[Event "Ho Chi Minh City HD Bank op 5th"]
[Site "Ho Chi Minh City"]
[Date "2015.03.18"]
[Round "3"]
[White "Nguyen, Huynh Tuan Hai"]
[Black "Turqueza, Mari Joseph"]
[Result "0-1"]
[WhiteElo "1881"]
[BlackElo "2243"]
[PlyCount "64"]
[EventDate "2015.03.17"]
[EventType "swiss"]
[EventRounds "9"]
[EventCountry "VIE"]
[SourceTitle "CBM 165 Extra"]
[Source "ChessBase"]
[SourceDate "2015.04.21"]
[SourceVersion "1"]
[SourceVersionDate "2015.04.21"]
[SourceQuality "1"]

1. e4 c5 2. Nf3 g6 3. d4 cxd4 4. Nxd4 Nc6 5. Be3 Bg7 6. Nc3 Nf6 7. Bc4 0-0 8. f3 Qb6 9. Bb3 Nxe4 10. Nd5 Qa5+ 11. c3 Bxd4 12. Bxd4 Nc5 13. Bc2 Nd3+ 14. Qxd3 Qxd5 15. Be3 Qxd3 16. Bxd3 d5 17. h4 Bf5 18. Be2 h5 19. g4 hxg4 20. fxg4 Be4 21. Rf1 Kg7 22. h5 gxh5 23. gxh5 f5 24. Rg1+ Kh7 25. h6 Rg8 26. Kd2 e5 27. Bh5 f4 28. Bc5 b6 29. Ba3 Kxh6 30. Bf7 Rg3 31. Be6 Rd8 32. Rae1 Kg5 0-1

[Event "Quezon City Puregold op"]
[Site "Quezon City"]
[Date "2014.12.15"]
[Round "3"]
[White "Dimakiling, Oliver"]
[Black "Turqueza, Mari Joseph"]
[Result "1-0"]
[WhiteElo "2373"]
[BlackElo "2249"]
[PlyCount "83"]
[EventDate "2014.12.14"]
[EventType "swiss"]
[EventRounds "9"]
[EventCountry "PHI"]
[SourceTitle "EXT 2016"]
[Source "ChessBase"]
[SourceDate "2015.10.08"]
[SourceVersion "1"]
[SourceVersionDate "2015.10.08"]
[SourceQuality "1"]

1. Nf3 Nf6 2. d4 c5 3. e3 g6 4. Nbd2 Bg7 5. Bd3 0-0 6. 0-0 d5 7. c3 b6 8. Ne5 Ba6 9. Bxa6 Nxa6 10. a4 Rc8 11. f4 Nd7 12. Ndf3 Nab8 13. b4 Nxe5 14. fxe5 cxb4 15. cxb4 f5 16. exf6 exf6 17. Qb3 Re8 18. Bd2 Kh8 19. b5 Rc7 20. a5 Bh6 21. axb6 axb6 22. Ra8 Rce7 23. Kf2 Qd7 24. Rc1 Qe6 25. Rc3 Qd7 26. h3 Qe6 27. Kf1 Qf5 28. Kg1 Qd7 29. Nh2 Qe6 30. Nf1 f5 31. Bc1 g5 32. Rxb8 Rxb8 33. Rc6 Qf7 34. Rxh6 f4 35. exf4 gxf4 36. Qf3 Re4 37. Rc6 Kg8 38. Ba3 h5 39. Bd6 Ra8 40. Be5 Qe8 41. Bxf4 Ra1 42. Qg3+ 1-0

[Event "Quezon City op"]
[Site "Quezon City"]
[Date "2014.12.10"]
[Round "7"]
[White "Fronda Pascua, Jan Jodilyn"]
[Black "Turqueza, Mari Joseph"]
[Result "0-1"]
[WhiteElo "2121"]
[BlackElo "2249"]
[PlyCount "97"]
[EventDate "2014.12.06"]
[EventType "swiss"]
[EventRounds "10"]
[EventCountry "PHI"]
[SourceTitle "CBM 163 Extra"]
[Source "ChessBase"]
[SourceDate "2014.12.23"]
[SourceVersion "1"]
[SourceVersionDate "2014.12.23"]
[SourceQuality "1"]

1. d4 Nf6 2. c4 e6 3. Nf3 d5 4. e3 dxc4 5. Bxc4 a6 6. a4 c5 7. 0-0 Nc6 8. Nc3 Be7 9. dxc5 Qxd1 10. Rxd1 Bxc5 11. Bd2 Ke7 12. Na2 Bd7 13. b4 Bd6 14. Bc3 Ne4 15. Be1 Rhc8 16. Bd3 Nf6 17. b5 axb5 18. Bxb5 Ne5 19. Nc3 Nxf3+ 20. gxf3 Be5 21. Rac1 Bxb5 22. Nxb5 Rxc1 23. Bb4+ Ke8 24. Rxc1 Rxa4 25. Bd6 Ra1 26. Rxa1 Bxa1 27. Bc5 Kd7 28. Bf8 Ne8 29. Kf1 Kc6 30. Na7+ Kb6 31. Nc8+ Ka5 32. Ke2 Bc3 33. Be7 Bb4 34. Bd8+ Ka6 35. Bb6 Nd6 36. Nxd6 Bxd6 37. Bd4 g6 38. h3 b5 39. Kd3 Ka5 40. Kc2 Kb4 41. f4 Kc4 42. Bf6 Ba3 43. Kd2 Bb4+ 44. Kc2 Be1 45. f3 b4 46. e4 Bc3 47. Bxc3 bxc3 48. f5 g5 49. fxe6 0-1